000 00440pab a2200181 454500
008 180718b2014 xxu||||| |||| 00| 0 eng d
100 _aSingh, Ranbir
245 _aS.K. Dey - The pioneer of rural development and panchayati raj
260 _c2014
300 _ap.22-23.
362 _aSept
650 _aPanchayat
650 _aRural development
650 _aDey, S.K.
773 _aKurukshetra
908 _aN
909 _a105433
999 _c105428
_d105428